Las mujeres en América Latina: indicadores y datos =
La situación de las mujeres en América Latina se caracteriza por una discriminación constante. En este artículo se realiza un estudio de los principales indicadores e informes que miden la situación de la mujer en el subcontinente latinoamericano para tener una visión global que nos permita observar...
में बचाया:
| मुख्य लेखक: | |
|---|---|
| अन्य लेखक: | |
| स्वरूप: | मूलपाठ |
| विषय: | |
| टैग: |
टैग जोड़ें
कोई टैग नहीं, इस रिकॉर्ड को टैग करने वाले पहले व्यक्ति बनें!
|
MARC
| LEADER | 00000 a a2200000 04500 | ||
|---|---|---|---|
| 001 | 42073 | ||
| 003 | |||
| 040 | |||
| 100 | |a Ruiz Seisdedos, Susana | ||
| 245 | |a Las mujeres en América Latina: |b indicadores y datos = |b Women in Latin America : principal indicators and facts / |c Susana Ruiz Seisdedos ; Petra Bonometti | ||
| 500 | |a suruiz@ujaen.es |a bonometti.masterco@gmail.com | ||
| 520 | |a La situación de las mujeres en América Latina se caracteriza por una discriminación constante. En este artículo se realiza un estudio de los principales indicadores e informes que miden la situación de la mujer en el subcontinente latinoamericano para tener una visión global que nos permita observar los avances y retrocesos en los últimos quince años. | ||
| 590 | |a RRA/NOVIEMBRE2011 | ||
| 650 | |a MUJERES | ||
| 650 | |a CONDICIONES SOCIALES | ||
| 650 | |a AMERICA LATINA | ||
| 650 | |a DISCRIMINACION BASADO EN EL GENERO | ||
| 700 | |a Bonometti, Petra | ||
| 773 | |g número126 (2009), páginas 75-87 | ||
| 999 | |c 20420 |d 20420 | ||
| 773 | 0 | |0 18728 |9 3019 |a Universidad de Costa Rica |d San José, Costa Rica Editorial UCR 1956- |o 12516 |t Revista de Ciencias Sociales/ |x 04825276 | |
